NFL 2021-22 Stat Leaders - Statistics

General Stats
  • This quiz has been taken 43 times
  • The average score is 35 of 60
Answer Stats
Hint Answer % Correct
5316 (Passing) Tom Brady
97%
1811 (Rushing) Jonathan Taylor
95%
4839 (Passing) Patrick Mahomes
95%
1947 (Receiving) Cooper Kupp
92%
5 (INTs) Quandre Diggs
92%
1225 (Receiving) Stefon Diggs
92%
11 (INTs) Trevon Diggs
92%
937 (Rushing) Derrick Henry
90%
4611 (Passing) Joe Burrow
90%
4115 (Passing) Aaron Rodgers
87%
4407 (Passing) Josh Allen
87%
5014 (Passing) Justin Herbert
87%
22.5 (Sacks) T.J. Watt
87%
1553 (Receiving) Davante Adams
85%
4886 (Passing) Matthew Stafford
85%
1259 (Rushing) Nick Chubb
85%
1455 (Receiving) Ja'Marr Chase
82%
1616 (Receiving) Justin Jefferson
82%
4221 (Passing) Kirk Cousins
82%
4449 (Passing) Dak Prescott
79%
1159 (Rushing) Dalvin Cook
77%
4804 (Passing) Derek Carr
74%
929 (Rushing) Damien Harris
72%
1200 (Rushing) Najee Harris
72%
1239 (Receiving) Tyreek Hill
72%
1205 (Rushing) Joe Mixon
69%
1002 (Rushing) Ezekiel Elliott
67%
12.5 (Sacks) Aaron Donald
64%
8 (INTs) J.C. Jackson
64%
16 (Sacks) Myles Garrett
64%
1405 (Receiving) Deebo Samuel
56%
163 (Tackles) Roquan Smith
56%
1175 (Receiving) Tyler Lockett
56%
1161 (Receiving) Diontae Johnson
54%
15.5 (Sacks) Nick Bosa
49%
1361 (Receiving) Mark Andrews
46%
13 (Sacks) Micah Parsons
46%
170 (Tackles) Bobby Wagner
44%
1037 (Rushing) Antonio Gibson
38%
18.5 (Sacks) Robert Quinn
38%
5 (INTs) Xavien Howard
38%
963 (Rushing) Elijah Mitchell
36%
5 (INTs) Jordan Poyer
36%
144 (Tackles) Kyzir White
36%
5 (INTs) Micah Hyde
33%
14 (Sacks) Trey Hendrickson
33%
146 (Tackles) De'Vondre Campbell
31%
12.5 (Sacks) Cameron Jordan
28%
12 (Sacks) Harold Landry
28%
5 (INTs) Justin Simmons
28%
192 (Tackles) Foye Oluokun
26%
5 (INTs) Kevin Byard
26%
184 (Tackles) Jordyn Brooks
23%
12.5 (Sacks) Matt Judon
23%
168 (Tackles) C.J. Mosley
21%
143 (Tackles) Eric Kendricks
21%
5 (INTs) Rasul Douglas
21%
6 (INTs) Amani Oruwariye
15%
154 (Tackles) Denzel Perryman
15%
142 (Tackles) Cole Holcomb
13%
No matching quizzes found
Score Distribution
Percent of People with Each Score
Percentile by Number Answered
Your Score History
You have not taken this quiz